Szczegóły MARC21

Gedichte und Erzählungen /

003 -Nazwa inst., której nr kontr. jest w polu 001 [,]
    • @
    • Nazwa instytucji, której n kontrolny jest w polu 001
    • NUKAT
005 -DATA I CZAS OSTATNIEJ MODYFIKACJI [,]
    • @
    • pole kontrolne
    • 20241231112424.0
020 -Międzynarod. znormalizowany nr książki - ISBN [ , ]
    • a
    • Numer ISBN
    • 3717512943 Find
    • q
    • Dopowiedzenie
    • Gewebe
020 -Międzynarod. znormalizowany nr książki - ISBN [ , ]
    • a
    • Numer ISBN
    • 3717512951 Find
    • q
    • Dopowiedzenie
    • Ldr.
040 -Instytucja sporządzająca opis [ , ]
    • a
    • Instytucja, która sporządziła opis (NP)
    • KR 119/IK
    • c
    • Instytucja, która sporządziła rekord (NP)
    • KR 119/IKs
    • d
    • Instytucja, która zmodyfikowała rekord (P)
    • POZN U/KK
942 -Rodzaj dokumentu [ , ]
    • c
    • Rodzaj dokumentu
    • Książka
100 -Hasło główne - nazwa osobowa [1, ]
    • a
    • Nazwa osobowa (NP)
    • Mörike, Eduard
    • d
    • Daty biograficzne (NP)
    • (1804-1875).
    • 9
    • KHW
    • 245446
245 -Strefa tytułu i oznaczenia odpowiedzialności [1,0]
    • a
    • Tytuł
    • Gedichte und Erzählungen / Find
    • c
    • Pozostałe elementy strefy tytułu i oznaczenia odpowiedzialności (NP)
    • Eduard Mörike ; Ausw. und Nachw. von Werner Zemp.
250 -Strefa wydania [ , ]
    • a
    • Oznaczenie wydania (NP)
    • 7. Aufl.
260 -Strefa adresu wydawniczego [ , ]
    • a
    • Miejsce wydania (P)
    • Zürich :
    • b
    • Nazwa wydawcy (P)
    • Manesse Verlag,
    • c
    • Data wydania (P)
    • 1994.
300 -Strefa opisu fizycznego [ , ]
    • a
    • Określenie formy książki i/lub objętość (NP)
    • 583, [5] s. ;
    • c
    • Format (NP)
    • 16 cm.
336 -Typ zawartości [ , ]
    • a
    • Termin opisujący typ zawartości
    • Tekst
    • b
    • Kod określający zawartość
    • txt
    • 2
    • Źródło (terminu i kodu)
    • rdacontent
337 -Typ mediów [ , ]
    • a
    • Tryb odtwarzania
    • Bez urządzenia pośredniczącego
    • b
    • Kod typu mediów
    • n
    • 2
    • Źródło (terminu i kodu)
    • rdamedia
338 -Typ/rodzaj nośnika [ , ]
    • a
    • Hasło opisujące typ nośnika
    • Wolumin
    • b
    • Kod typu nośnika
    • nc
    • 2
    • Źródło (terminu i kodu)
    • rdacarrier
490 -Strefa serii i książki wielotomowej - forma nie do wyszukiwania [1, ]
    • a
    • Tytuł (P)
    • Manesse Bibliothek der Weltliteratur Find
830 -Hasło dodatkowe serii i opisu książki wielotomowej - tytuł ujednolicony/tytuł [ ,0]
    • a
    • Tytuł ujednolicony/tytuł (NP)
    • Manesse Bibliothek der Weltliteratur
    • 9
    • KHW
    • 417758
080 -Uniwersalna Klasyfikacja Dziesiętna [ , ]
    • a
    • Symbol klasyfikacji
    • 830-1=30
080 -Uniwersalna Klasyfikacja Dziesiętna [ , ]
    • a
    • Symbol klasyfikacji
    • +830-32=30
655 -Hasło w funkcji tematu formalnego [ ,7]
    • a
    • Hasło
    • Poezja niemiecka
    • y
    • Określnik chronologiczny
    • 19 w.
    • 2
    • Źródło terminu
    • kaba
    • 9
    • KHW
    • 187296
655 -Hasło w funkcji tematu formalnego [ ,7]
    • a
    • Hasło
    • Nowele niemieckie
    • y
    • Określnik chronologiczny
    • 19 w.
    • 2
    • Źródło terminu
    • kaba
    • 9
    • KHW
    • 359473
980 -Symbol UKD [ , ]
    • a
    • UKD
    • 830-1+830-32]=30
700 -Hasło dodatkowe - nazwa osobowa [1, ]
    • a
    • Nazwa osobowa (NP)
    • Zemp, Werner Find
    • d
    • Daty biograficzne (NP)
    • (1906-1959).
    • e
    • Określenie rodzaju współpracy
    • Oprac.
    • 9
    • KHW
    • 633626
920 -ISBN [ , ]
    • a
    • ISBN
    • 3-7175-1294-3 Find
    • q
    • Dopowiedzenie
    • Gewebe
920 -ISBN [ , ]
    • a
    • ISBN
    • 3-7175-1295-1 Find
    • q
    • Dopowiedzenie
    • Ldr.
Sygnatura Numer inwentarzowy Status udost. Lokalizacja Data inwentaryzacji
Germ. Literatura niemieckaG.13372-3BM1998-08-26